The rise of cities revisited : (Registro nro. 326272)

Detalles MARC
000 -ENCABEZADO
Número de control [NR] 01414nam a22002777a 4500
005 - FECHA Y HORA DE LA ÚLTIMA TRANSACCIÓN
control field 20260421142451.0
008 - DE LONGITUD FIJA DE DATOS DE ELEMENTOS - INFORMACIÓN GENERAL
Elementos de longitud fija [NR] 260421t2024 |||||||| |||| 00| 0 eng d
020 ## - NUMERO INTERNACIONAL NORMALIZADO PARA LIBROS [R]
Número Internacional Normalizado del libro [NR] 9782503600567
040 ## - FUENTE DE CATALOGACION [NR]
Agencia de catalogación original [NR] CO-BoUCM
Idioma de catalogación [NR] spa
Quien Cataloga Stefania Borbon
Quien Clasifica Stefania Borbon
041 ## - CODIGO DE IDIOMA [R]
Código de idioma para texto/pista de sonido o título separado [R] Inglés
100 #1 - ASIENTO PRINCIPAL--NOMBRE PERSONAL [NR]
Nombre personal [NR] Vannieuwenhuyze, Bram
ID Autoridad 188695
245 10 - MENCION DE TITULO [NR]
Título [NR] The rise of cities revisited :
Parte restante del título [NR] reflections on Adriaan Verhulst's vision of urban genesis and developments in the Medieval low countries /
Mención de responsabilidad, etc. [NR] editado por Bram Vannieuwenhuyze & Reinout Rutte.
260 ## - PUBLICACION, DISTRIBUCION, ETC. (PIE DE IMPRENTA) [R]
Lugar de publicación, distribución, etc. [R] Turnhout, Bélgica :
Nombre del editor, distribuidor, etc. [R] Brepols,
Fecha de publicación, distribución, etc. [R] 2024
300 ## - DESCRIPCION FISICA [R]
Extensión [R] 155 páginas :
Otros detalles físicos [NR] ilustraciones
490 ## - MENCION DE SERIE [R]
Mención de serie [R] Studies in European Urban History (1100-1800)
504 ## - NOTA DE BIBLIOGRAFIA, ETC. [R]
Nota de bibliografía, etc. [NR] Incluye referencias bibliográficas e índices
520 ## - NOTA DE RESUMEN, ETC. [R]
Nota de sumario, etc. [NR] Análisis crítico de la obra de Adriaan Verhulst sobre el urbanismo medieval en los Países Bajos, integrando investigaciones arqueológicas y cartográficas recientes sobre el crecimiento de ciudades y mercados entre los siglos X y XVI.
650 #4 - ASIENTO SECUNDARIO DE MATERIA - TERMINO TEMATICO [R]
Término temático o nombre geográfico como elemento de entrada [NR] Urbanismo
Subdivisión general [R] Historia
Subdivisión cronológica [R] Siglos X-XVI
Subdivisión geográfica [R] Países Bajos
9 (RLIN) 188696
650 #4 - ASIENTO SECUNDARIO DE MATERIA - TERMINO TEMATICO [R]
Término temático o nombre geográfico como elemento de entrada [NR] Ciudades medievales
Subdivisión general [R] Historia
Subdivisión geográfica [R] Países Bajos
9 (RLIN) 188697
650 #4 - ASIENTO SECUNDARIO DE MATERIA - TERMINO TEMATICO [R]
Término temático o nombre geográfico como elemento de entrada [NR] Sociología urbana
Subdivisión general [R] Europa del Norte
-- Historia
9 (RLIN) 188698
700 ## - ASIENTO SECUNDARIO - NOMBRE PERSONAL [R]
Nombre personal [NR] Rutte, Reinout
9 (RLIN) 188699
700 ## - ASIENTO SECUNDARIO - NOMBRE PERSONAL [R]
Nombre personal [NR] Verhulst, Adriaan
9 (RLIN) 188700
700 ## - ASIENTO SECUNDARIO - NOMBRE PERSONAL [R]
Nombre personal [NR] Universiteit Gent
9 (RLIN) 188701
942 ## - ELEMENTOS DE ENTRADA AGREGADOS (KOHA)
Sistema de clasificación DEWEY
Tema principal Sociología
Tipo de ítem principal el descrito en 300a Libro
Edición 1
Clasificación 307.7609493
Parte restante de la signatura top. V268
Existencias
Total préstamos Signatura topográfica Código de barras Última vez visto Ejemplar Price effective from Tipo de ítem Perdido Sistema de clasificación Dañado No prestable Tipo de ítem específico Suprimido Ubicación habitual Ubicación actual Localización Fecha de creación Forma de adquisición Costo
  307.7609493 V268 100175109 22/04/2026 Ej.1 21/04/2026 Libro   DEWEY     Libro   Claustro Claustro 2do piso 21/04/2026 Compra 504640.00